000 00483nam a2200145Ia 4500
008 100122s9999 xx 000 0 und d
082 _b13404
_a823
100 _aबोकील वि वि
245 _aवाट चुकलेले नवरे
260 _bपंडित अनंत कुलकर्णी
_c1963
300 _a109
630 _aवाट चुकलेले नवरे
730 _aवाट चुकलेले नवरे
942 _cBOOK
999 _c404226
_d404223